000 00682nam a22002417a 4500
003 UA-OsUOA
001 103249
007 ta
008 20131021b un ||||| |||| 00| 0 ukr d
100 _aМороз Р.
090 _a82-94
_bМ80
942 _cBK
040 _aUA-OsUOA
_bukr
_cUA-OsUOA
_dUA-OsUOA
245 _aПроти вітру
_bспогади дружини українського політв'язня
300 _a216 с.
955 _a3
041 _aukr
080 _a82-94
020 _a966-8744-24-1
260 _aЛьвів
_bСвічадо
_c2005
650 7 _a82 Література. Літературознавство
_2UDC
999 _c389744
_d389744